Inventárne zoznamy hudobnín

Bibliographic Details
Main Author: Petrenková, Emília, 1950-2010 (Author)
Format: Article
Language:Slovak
ISSN:1210-096X
Subjects:

MARC

LEADER 00000nab a2200000 a 4500
001 vtls000728602
003 SK-MaSNL
005 20260304142743.0
008 250505c2000 xo 0 slo
015 |a SNBRB2000/08-22007 
035 |a CLN000080748 
035 |a urn:nbn:sk:snk-ab6ire 
035 |a (uuid)a4b870c9-9a7d-4680-9742-bb0c547401e8 
035 |a (urnnbn)urn:nbn:sk:snk:ar-0044u2 
040 |a SNKBUCL  |b slo  |c SNKBUCL  |e AACR2 
041 0 |a slo 
044 |a xo  |c SK 
080 |a 78(437.6)(091)(048)  |2 1997 
100 1 |a Petrenková, Emília,  |d 1950-2010  |4 aut  |9 229682 
245 1 0 |a Inventárne zoznamy hudobnín  |c Emília Petrenková 
650 0 7 |a hudba  |z Slovensko  |x dejiny  |x zborníky  |x recenzie  |2 snkbucl  |9 1462793 
655 7 |a články z novín a časopisov  |2 snkbucl  |9 267496 
773 0 |t Knižnice a informácie  |g Roč. 32, č. 7-8 (2000), s. 273-274  |x 1210-096X 
787 0 8 |i Rec.:  |a Kalinayová, Jana  |t Hudobné inventáre a repertoár viachlasnej hudby na Slovensku v 16.-17. storočí  |d Bratislava : Slovenské národné múzeum-Hudobné múzeum, 1994  |z 8085753235 
850 |a Slovenská národná knižnica 
852 |a Slovenská národná knižnica 
954 |a odborná, vedecká literatúra pôvodná (slovenská)  |2 lita 
958 |a article2022 
958 |a OND 
958 |a EUIPO 
992 |a RBX 
999 |c 2922739  |d 2924669